| 000 | 00413nam a22001457a 4500 | ||
|---|---|---|---|
| 003 | SGT | ||
| 082 |
_a617.84 _bE24K |
||
| 100 | _aKUMAR, SUDHIR | ||
| 245 | _aTHE EFFECT OF BOLLD FLOW RESTRICTIONS TRAINING ON WALKING SPEED, BALANCE AND COGNITION IN CHILDREN WITH SPASTIC CEREBRAL PALSY | ||
| 260 |
_aGURUGRAM _bSGT UNIVERSITY _c2024 |
||
| 300 | _a102 | ||
| 650 | _aNEUROLOGY | ||
| 653 | _aMPT | ||
| 942 |
_2ddc _cTH |
||
| 999 |
_c32185 _d32185 |
||